<?xml version="1.0" encoding="UTF-8"?>
<record
    xmlns:xsi="http://www.w3.org/2001/XMLSchema-instance"
    xsi:schemaLocation="http://www.loc.gov/MARC21/slim http://www.loc.gov/standards/marcxml/schema/MARC21slim.xsd"
    xmlns="http://www.loc.gov/MARC21/slim">

  <leader>00351nam a22001577a 4500</leader>
  <controlfield tag="003">SGT</controlfield>
  <datafield tag="020" ind1=" " ind2=" ">
    <subfield code="a">9788129135407</subfield>
  </datafield>
  <datafield tag="082" ind1=" " ind2=" ">
    <subfield code="a">820.9,LON</subfield>
  </datafield>
  <datafield tag="100" ind1=" " ind2=" ">
    <subfield code="a">LONG, WILLIAM J.</subfield>
  </datafield>
  <datafield tag="245" ind1=" " ind2=" ">
    <subfield code="a">ENGLISH LITERATURE  ITS HISTORY </subfield>
  </datafield>
  <datafield tag="250" ind1=" " ind2=" ">
    <subfield code="a">4TH</subfield>
  </datafield>
  <datafield tag="260" ind1=" " ind2=" ">
    <subfield code="a">NEW DELHI</subfield>
    <subfield code="b">RUPA PUBLICATION </subfield>
    <subfield code="c">2019</subfield>
  </datafield>
  <datafield tag="300" ind1=" " ind2=" ">
    <subfield code="a">639</subfield>
  </datafield>
  <datafield tag="650" ind1=" " ind2=" ">
    <subfield code="a">ENGLISH</subfield>
  </datafield>
  <datafield tag="942" ind1=" " ind2=" ">
    <subfield code="2">ddc</subfield>
    <subfield code="c">BK</subfield>
    <subfield code="0">3</subfield>
  </datafield>
  <datafield tag="952" ind1=" " ind2=" ">
    <subfield code="0">0</subfield>
    <subfield code="1">0</subfield>
    <subfield code="2">ddc</subfield>
    <subfield code="4">0</subfield>
    <subfield code="7">0</subfield>
    <subfield code="8">ENGG</subfield>
    <subfield code="a">FE</subfield>
    <subfield code="b">FE</subfield>
    <subfield code="c">TXT</subfield>
    <subfield code="d">2019-12-23</subfield>
    <subfield code="e">ONS BOOK</subfield>
    <subfield code="g">395.00</subfield>
    <subfield code="i">SGTU</subfield>
    <subfield code="l">19</subfield>
    <subfield code="o">820.9,LON</subfield>
    <subfield code="p">FE7817</subfield>
    <subfield code="r">2025-08-08 00:00:00</subfield>
    <subfield code="s">2025-07-14</subfield>
    <subfield code="w">0201-11-21</subfield>
    <subfield code="y">BK</subfield>
    <subfield code="k">ONS/SGT01-19-20-287</subfield>
  </datafield>
  <datafield tag="952" ind1=" " ind2=" ">
    <subfield code="0">0</subfield>
    <subfield code="1">0</subfield>
    <subfield code="2">ddc</subfield>
    <subfield code="4">0</subfield>
    <subfield code="7">0</subfield>
    <subfield code="8">ENGG</subfield>
    <subfield code="a">FE</subfield>
    <subfield code="b">FE</subfield>
    <subfield code="c">TXT</subfield>
    <subfield code="d">2019-12-23</subfield>
    <subfield code="e">ONS BOOK</subfield>
    <subfield code="g">395.00</subfield>
    <subfield code="i">SGTU</subfield>
    <subfield code="l">7</subfield>
    <subfield code="o">820.9,LON</subfield>
    <subfield code="p">FE7818</subfield>
    <subfield code="r">2025-04-29 00:00:00</subfield>
    <subfield code="s">2025-04-29</subfield>
    <subfield code="w">2019-11-21</subfield>
    <subfield code="y">BK</subfield>
    <subfield code="k">ONS SGT-287</subfield>
  </datafield>
  <datafield tag="952" ind1=" " ind2=" ">
    <subfield code="0">0</subfield>
    <subfield code="1">0</subfield>
    <subfield code="2">ddc</subfield>
    <subfield code="4">0</subfield>
    <subfield code="7">0</subfield>
    <subfield code="8">ENGG</subfield>
    <subfield code="a">FE</subfield>
    <subfield code="b">FE</subfield>
    <subfield code="c">TXT</subfield>
    <subfield code="d">2019-12-23</subfield>
    <subfield code="e">ONS BOOK</subfield>
    <subfield code="g">395.00</subfield>
    <subfield code="i">SGTU</subfield>
    <subfield code="l">3</subfield>
    <subfield code="o">820.9,LON</subfield>
    <subfield code="p">FE7819</subfield>
    <subfield code="r">2025-05-14 00:00:00</subfield>
    <subfield code="s">2025-05-01</subfield>
    <subfield code="w">2019-11-21</subfield>
    <subfield code="y">BK</subfield>
    <subfield code="k">ONS/SGT01-19-20-287</subfield>
  </datafield>
  <datafield tag="952" ind1=" " ind2=" ">
    <subfield code="0">0</subfield>
    <subfield code="1">0</subfield>
    <subfield code="2">ddc</subfield>
    <subfield code="4">0</subfield>
    <subfield code="7">0</subfield>
    <subfield code="8">ENGG</subfield>
    <subfield code="a">FE</subfield>
    <subfield code="b">FE</subfield>
    <subfield code="c">TXT</subfield>
    <subfield code="d">2019-12-23</subfield>
    <subfield code="e">ONS BOOK</subfield>
    <subfield code="g">395.00</subfield>
    <subfield code="i">SGTU</subfield>
    <subfield code="l">6</subfield>
    <subfield code="o">820.9,LON</subfield>
    <subfield code="p">FE7820</subfield>
    <subfield code="r">2025-05-16 00:00:00</subfield>
    <subfield code="s">2025-05-05</subfield>
    <subfield code="w">2021-11-19</subfield>
    <subfield code="y">BK</subfield>
    <subfield code="k">ONS/SGT01-19-20-287</subfield>
  </datafield>
  <datafield tag="952" ind1=" " ind2=" ">
    <subfield code="0">0</subfield>
    <subfield code="1">0</subfield>
    <subfield code="2">ddc</subfield>
    <subfield code="4">0</subfield>
    <subfield code="7">0</subfield>
    <subfield code="8">ENGG</subfield>
    <subfield code="a">FE</subfield>
    <subfield code="b">FE</subfield>
    <subfield code="c">TXT</subfield>
    <subfield code="d">2019-12-23</subfield>
    <subfield code="e">ONS BOOK</subfield>
    <subfield code="g">395.00</subfield>
    <subfield code="i">SGTU</subfield>
    <subfield code="l">12</subfield>
    <subfield code="o">820.9,LON</subfield>
    <subfield code="p">FE7821</subfield>
    <subfield code="r">2025-05-27 00:00:00</subfield>
    <subfield code="s">2025-05-13</subfield>
    <subfield code="w">2021-11-19</subfield>
    <subfield code="y">BK</subfield>
    <subfield code="k">ONS/SGT01-19-20 -287</subfield>
  </datafield>
  <datafield tag="999" ind1=" " ind2=" ">
    <subfield code="c">19575</subfield>
    <subfield code="d">19575</subfield>
  </datafield>
</record>
